Remedios para la vida.

Sparad:
Bibliografiska uppgifter
Huvudupphovsman: Petrarca, Francesco 1304-1374 (autor)
Övriga upphovsmän: Micó, José María (selección, prólogo, traducción)
Materialtyp: Okänd
Publicerad: Barcelona, España: Acantilado, 2023.
Upplaga:Primera edición.
Serie:Cuadernos
Ämnen:
Taggar: Lägg till en tagg
Inga taggar, Lägg till första taggen!

MARC

LEADER 00000 a2200000 4500
003 CL-VaPUC
005 20230616084552.0
008 230608t2023 ||||| |||| 00| 0 eng d
999 |c 441109  |d 441107 
020 |a 978-84-19036-33-9 
040 |c Pontificia Universidad Católica de Valparaíso 
082 7 |a 189.4 PET 2023  |2 22 
100 |a Petrarca, Francesco  |9 303399  |e autor  |d 1304-1374 
245 |a Remedios para la vida.  
250 |a Primera edición. 
260 |a Barcelona, España:  |b Acantilado,  |c 2023. 
300 |a 185 páginas. 
490 |a Cuadernos  |n  112. 
583 |k GC  |c 20230608 
600 |a Petrarca, Francesco,   |d 1304-1374  |x Filosofía   |v Crítica e interpretación   |9 882991 
700 |a Micó, José María  |e selección  |e prólogo  |e traducción  |9 882928 
942 |2 ddc  |c BK 
952 |0 0  |1 0  |2 ddc  |4 0  |6 189_400000000000000_PET_2023  |7 0  |8 A  |9 590457  |a BIBEDU  |b BIBEDU  |c GEN  |d 2023-06-08  |e 3  |g 16780.00  |i 5657751  |o 189.4 PET 2023  |p 5657751  |r 2023-06-08  |t 1  |v 16780.00  |w 2023-06-08  |y BK  |k LIT